Trapped in time / (Record no. 2279)

MARC details
000 -LEADER
fixed length control field 01355cam a2200385 a 4500
001 - CONTROL NUMBER
control field 2279
003 - CONTROL NUMBER IDENTIFIER
control field FISKH
005 - DATE AND TIME OF LATEST TRANSACTION
control field 20231114150655.0
008 - FIXED-LENGTH DATA ELEMENTS--GENERAL INFORMATION
fixed length control field 100510s2010 nyua b 000 1 eng
010 ## - LIBRARY OF CONGRESS CONTROL NUMBER
LC control number 2010008264
020 ## - INTERNATIONAL STANDARD BOOK NUMBER
International Standard Book Number 9780448454573 (pbk.)
020 ## - INTERNATIONAL STANDARD BOOK NUMBER
International Standard Book Number 0448454572 (pbk.)
035 ## - SYSTEM CONTROL NUMBER
System control number (OCoLC)ocn535490704
040 ## - CATALOGING SOURCE
Original cataloging agency DLC
Transcribing agency DLC
Modifying agency IG#
-- BTCTA
-- LIQ
-- UPZ
-- DLC
Language of cataloging eng
050 00 - LIBRARY OF CONGRESS CALL NUMBER
Classification number PZ7.W51937
Item number Trd 2010
082 00 - DEWEY DECIMAL CLASSIFICATION NUMBER
Classification number 303
Edition number 22
100 1# - MAIN ENTRY--PERSONAL NAME
Personal name West, Tracey,
Dates associated with a name 1965-
245 10 - TITLE STATEMENT
Title Trapped in time /
Statement of responsibility, etc. written by Tracey West ; Batman created by Bob Kane
260 ## - PUBLICATION, DISTRIBUTION, ETC.
Place of publication, distribution, etc. New York :
Name of publisher, distributor, etc. Penguin Books,
Date of publication, distribution, etc. 2010.
300 ## - PHYSICAL DESCRIPTION
Extent 80 pages :
Dimensions 20 cm
490 0# - SERIES STATEMENT
Series statement Batman, the brave and the bold : pick your path ;
Volume/sequential designation Book 1
505 ## - FORMATTED CONTENTS NOTE
Formatted contents note K<br/>
520 ## - SUMMARY, ETC.
Summary, etc. The reader's choices determine whether Batman and other DC Comics characters save the world or destroy it.
521 8# - TARGET AUDIENCE NOTE
Target audience note 510 <br/>
Source Lexile estimate <br/><br/>
521 8# - TARGET AUDIENCE NOTE
Target audience note K<br/>
Source Raz-Plus<br/>
600 00 - SUBJECT ADDED ENTRY--PERSONAL NAME
Personal name Batman
Titles and other words associated with a name (Fictitious character)
Form subdivision Juvenile fiction.
600 01 - SUBJECT ADDED ENTRY--PERSONAL NAME
Personal name Batman
Titles and other words associated with a name (Fictitious character)
Form subdivision Fiction.
650 #0 - SUBJECT ADDED ENTRY--TOPICAL TERM
Topical term or geographic name entry element Heroes
Form subdivision Juvenile fiction.
650 #0 - SUBJECT ADDED ENTRY--TOPICAL TERM
Topical term or geographic name entry element Plot-your-own stories.
650 #1 - SUBJECT ADDED ENTRY--TOPICAL TERM
Topical term or geographic name entry element Heroes
Form subdivision Fiction.
650 #1 - SUBJECT ADDED ENTRY--TOPICAL TERM
Topical term or geographic name entry element Plot-your-own stories.
730 0# - ADDED ENTRY--UNIFORM TITLE
Uniform title Batman, the brave and the bold (Television program)
906 ## - LOCAL DATA ELEMENT F, LDF (RLIN)
a 7
b cbc
c orignew
d 1
e ecip
f 20
g y-gencatlg
942 ## - ADDED ENTRY ELEMENTS (KOHA)
Source of classification or shelving scheme Dewey Decimal Classification
Koha item type Books
Suppress in OPAC No
Holdings
Withdrawn status Lost status Source of classification or shelving scheme Damaged status Not for loan Collection Home library Current library Shelving location Date acquired Total Checkouts Full call number Barcode Date last seen Price effective from Koha item type
    Dewey Decimal Classification     Juvenile Fiction Footprints International School Library Network Toul Kork Campus Footprints International School Library Network Toul Kork Campus TK Primary Library Room(4th Floor), Bookcase 3&4, Shelves 17-32, Yellow Books 11/14/2023   WES 303 PZ7.W51937 FISTK00237 11/14/2023 11/14/2023 Books